banner-ar

اشكاليات التحول الديمقراطى والتحديث فى مصر : (Record no. 8931)

MARC details
000 -الفاتح
حقل البيانات ثابتة الطول 01096nam a2200265Ia 4500
005 - وقت وتاريخ اخر تعامل مع التسجيلة
رقم الضبط 20240530095624.0
008 - عناصر البيانات ثابتة الطول - معلومات عامة
حقل البيانات ثابتة الطول 140319s9999 xx 000 0 ara d
020 ## - الرقم الدولى المعيارى للكتب
الرقم الدولى المعيارى للكتاب 0710213977
040 ## - مصدر الفهرسة
وكالة الفهرسة الأصلية GCL /
وكالة النسخ GCL
082 04 - رقم تصنيف ديوى العشرى
رقم التصنيف 321.8962
رقم المادة ق/ا ا
100 1# - المدخل الرئيسى - إسم شخصى
الإسم الشخصى ابوالعلا ماضى
245 10 - بيان العنوان
العنوان اشكاليات التحول الديمقراطى والتحديث فى مصر :
بقية العنوان قراءة فى الواقع واستشراف للمستقبل /
بيان المسئوليه,etc ابوالعلا ماضى
250 ## - بيان الطبعة
بيان الطبعة الاولى
260 ## - PUBLICATION, DISTRIBUTION, ETC. (IMPRINT)
تاريخ النشر أو التوزيع 2005
300 ## - الوصف المادى
التعداد 267 ص ؛
أبعاد الوعاء 20 سم
490 ## - بيان السلسلة
عنوان السلسلة سلسلة اصدرات منتدى حوار الثقافات
رقم المجلد/ التعيين التسلسلي 25
650 04 - المدخل الاضافى بالموضوع-مصطلح موضوعى
مصطلح موضوعي مصر - الاحزاب السياسية
650 04 - المدخل الاضافى بالموضوع-مصطلح موضوعى
مصطلح موضوعي الديمقراطية - مصر
650 04 - المدخل الاضافى بالموضوع-مصطلح موضوعى
مصطلح موضوعي مصر - الامن القومي
650 04 - المدخل الاضافى بالموضوع-مصطلح موضوعى
مصطلح موضوعي مصر - الاصلاح السياسى
700 1# - المدخل الاضافى - اسم شخصى
الإسم الشخصى على ابوليلة
700 1# - المدخل الاضافى - اسم شخصى
الإسم الشخصى هانى عياد
942 ## - عناصر المدخل الإضافي( كوها)
مصدر التصنيف او مخطط الترفيف Dewey Decimal Classification
Koha [default] item type كتاب
260 ## - PUBLICATION, DISTRIBUTION, ETC. (IMPRINT)
-- القاهرة :
-- الهيئة القبطية الانجيلية للخدمات الاجتماعية - قسم التنمية الثقافية ،
Holdings
حالة التراجع حالة الفقد حالة تلف ليس للاعارة المكان المؤقت الموقع الحالى تاريخ الاكتساب اجمالي اﻻعارات رقم الطلب الباركود تاريخ اخر مشاهدة تاريخ تفعيل السعر نوع وعاء كوها
        مكتبة القاهرة الكبرى مكتبة القاهرة الكبرى 03/26/2014   321.8962 ق/ أ أ 18686 03/26/2014 03/26/2014 كتاب

Powered By

EGPV